| 000 | 00510nam a2200181Ia 4500 | ||
|---|---|---|---|
| 001 | 10734 | ||
| 005 | 20260306161854.0 | ||
| 008 | 260306t2001||||xx |||||||||||||| ||spa|| | ||
| 041 | _aESP | ||
| 082 |
_a946.5 _bC243 |
||
| 100 |
_aCierva, Ricardo de la _eAUT |
||
| 245 | 0 |
_aHistoria esencial de la guerra civil española: _btodos los problemas resueltos, sesenta años después |
|
| 260 | _c2001 | ||
| 300 |
_axxviii, 822 páginas : _c19 cm. |
||
| 650 | _aGEN | ||
| 654 | _aCHU | ||
| 942 |
_cLIB _dJUS _fJUS _2ddc _n |
||
| 999 |
_c10734 _d10734 |
||